00775nam a2200265 a 4500001001000000003000900010005001700019007000300036008004100039020001500080040002500095082002500120245006400145250001300209260003700222300002800259504003200287650001800319650001700337650002700354650002000381650002600401700004000427700004200467000043775DO-SdBNP20250227073850.0ta140428s2000 dr a r 000 0 spa d a8449925487 aDO-SdBNPbspacBNPHU 4a306bC334h, 200022200aHombre y sociedad : bguía didáctica /cLucio Casado M. a12a. ed. aSanto Domingo :bCENAPEC,c2000. a330 p. :bil. ;c22 cm. aBibliografía : p. 323-324 0aCambio social 0aSociología 4aSociología educativa 0aClases sociales 4aAntropología social1 aMenéndez Alarcón, Antonio,eed.1 aAlcántara Almánzar, Joséd1946-